| 000 | 02177nam a2200409 c 4500 | ||
|---|---|---|---|
| 003 | BLK | ||
| 005 | 20180422101649.0 | ||
| 008 | 180408b bul|||||r ||||||| ||bul|| | ||
| 010 | _aKNG00056425000 | ||
| 020 |
_a954-738-125-3 _bиздат.: Литера Прима |
||
| 040 | _aBLK | ||
| 041 |
_aBUL _cBUL |
||
| 080 |
_aПаметници на културата на историческите периоди. Археологическите паметници. Старини _b904 _x _z904 |
||
| 080 |
_aРазпространяване на научните знания - популяризиране на науката, занимателна наука, учение за явленията научно необяснени, заблуждения и фалшификации, илюзии и др. п., секретност на научните знания _b001.9 _x _z001.9 |
||
| 100 | 1 |
_aКраса, Петер _eпърви автор _983904 |
|
| 700 | 1 |
_aХабек, Райнхард _eсъавт. _9135314 |
|
| 700 | 1 |
_aЗдравкова, Ани _eпрев. от нем. _9365764 |
|
| 139 |
_aКраса, Петер и др. _bК 89 |
||
| 245 | 1 | 0 |
_aСветлината на фараоните _bВисока технология и електрически ток в древния Египет _cПетер Краса; съавт. Райнхард Хабек; прев. от нем. Ани Здравкова. |
| 257 | _aDEU | ||
| 260 |
_аСофия _bЛитера Прима _c2005 |
||
| 300 |
_a192 с. _bс ил., к., факс. _c20 см |
||
| 380 | _a9 | ||
| 490 | 1 |
_aПоредица Тайни и загадки _v107 |
|
| 500 | _aОриг. загл. Das Licht der Pharaonen / Peter Krassa, Reinhard Habeck. - Библиогр. с. 187-190 | ||
| 504 | _a187-190 | ||
| 650 | 4 |
_aПирамиди - Древен Египет _9244478 |
|
| 650 | 4 |
_aИзвънземни цивилизации _9242018 |
|
| 653 | _aДревен Египет | ||
| 653 | _aпирамиди | ||
| 653 | _aелектричество | ||
| 852 | _aЦб 225418 | ||
| 856 | 4 |
_qpdf _u |
|
| 856 | 4 |
_qpdf _u |
|
| 942 |
_cKNG _n0 |
||
| 944 |
_aCR _c08.11.2005 _kГеновева_Генчева |
||
| 944 |
_aED _c05.02.2007 _k |
||
| 999 |
_c52501 _d52501 |
||